[Event "Swiss-547.3.06"]
[Site "IECC email"]
[Date "2009.12.17"]
[Round "?"]
[White "Wozniak, Zbigniew"]
[Black "Copin, Jean Christophe"]
[Result "1-0"]
[WhiteElo "1996"]
[BlackElo "1461"]
[PlyCount "63"]
[EventDate "2009.??.??"]
[EventType "tourn (corr)"]
[SourceTitle "Telechess CBM 145"]
[Source "Chessbase"]
[SourceDate "2011.11.11"]
[SourceVersion "1"]
[SourceVersionDate "2011.11.11"]
[SourceQuality "1"]
[WhiteTeam "Poland"]
[WhiteTeamCountry "POL"]

1. e4 e6 2. d4 d5 3. Nc3 Nf6 4. Bg5 Be7 5. e5 Nfd7 6. Bxe7 Qxe7 7. f4 a6 8. Nf3 c5 9. dxc5 Qxc5 10. Qd2 0-0 11. Bd3 Nc6 12. 0-0-0 Nb4 13. a3 Nxd3+ 14. Qxd3 f6 15. exf6 Nxf6 16. Rhe1 Bd7 17. Ne5 Bb5 18. Qd4 Qd6 19. g4 Nd7 20. f5 Nxe5 21. Rxe5 exf5 22. gxf5 Bc6 23. Nxd5 Bxd5 24. Rxd5 Qxh2 25. Kb1 Qe2 26. Rd7 Rf7 27. Rxf7 Kxf7 28. Rg1 Rg8 29. Qd5+ Kf8 30. Rd1 Qe7 31. Rd4 Qe3 32. Rc4 1-0

[Event "IECC Swiss-547.1"]
[Site "IECC email"]
[Date "2009.10.17"]
[Round "?"]
[White "Copin, Jean Christophe"]
[Black "Corbacho, Jose Luis"]
[Result "0-1"]
[WhiteElo "800"]
[BlackElo "1639"]
[PlyCount "32"]
[EventDate "2009.??.??"]
[EventType "tourn (corr)"]
[EventRounds "1"]
[SourceTitle "Telechess CBM 137"]
[Source "ChessBase"]
[SourceDate "2010.07.15"]
[SourceVersion "1"]
[SourceVersionDate "2010.07.15"]
[SourceQuality "1"]
[BlackTeam "Spain"]
[BlackTeamCountry "ESP"]

1. e4 d5 2. exd5 Nf6 3. c4 e6 4. dxe6 Bxe6 5. d4 Bb4+ 6. Bd2 Qe7 7. Bxb4 Qxb4+ 8. Qd2 Nc6 9. d5 0-0-0 10. Bd3 Rhe8 11. dxe6 Rxe6+ 12. Ne2 Rxd3 13. Qxb4 Nxb4 14. Na3 Rd8 15. Rd1 Nd3+ 16. Kf1 Ng4 0-1

[Event "IECC CL6-2009.25 email"]
[Site "IECC email"]
[Date "2009.10.04"]
[Round "?"]
[White "Copin, Jean Christophe"]
[Black "D'Aragona, Vittoria"]
[Result "0-1"]
[WhiteElo "800"]
[BlackElo "1991"]
[PlyCount "64"]
[EventDate "2009.??.??"]
[EventType "tourn (corr)"]
[EventRounds "4"]
[SourceTitle "Telechess CBM 137"]
[Source "ChessBase"]
[SourceDate "2010.07.15"]
[SourceVersion "1"]
[SourceVersionDate "2010.07.15"]
[SourceQuality "1"]
[BlackTeam "Italy"]
[BlackTeamCountry "ITA"]

1. e4 e6 2. d4 d5 3. Nd2 c5 4. exd5 exd5 5. Bb5+ Bd7 6. Bxd7+ Nxd7 7. Qg4 Ngf6 8. Qf4 Qe7+ 9. Ne2 0-0-0 10. Nf3 h6 11. Be3 c4 12. 0-0 Qe6 13. Ne5 Bd6 14. Qg3 Nxe5 15. dxe5 Bxe5 16. Nd4 Bxg3 17. Nxe6 fxe6 18. hxg3 d4 19. Bf4 Rd5 20. Rfe1 Re8 21. Be5 Ng4 22. Bxg7 Rg8 23. Bxh6 Nxh6 24. Rxe6 Nf5 25. Rae1 d3 26. cxd3 cxd3 27. Rd1 Kd7 28. Ree1 Rc8 29. g4 Nd4 30. Kh2 Ne2 31. g3 Rc2 32. Rb1 Kd6 0-1

[Event "IECC CL6-2009.25 email"]
[Site "IECC email"]
[Date "2009.10.04"]
[Round "?"]
[White "Copin, Jean Christophe"]
[Black "Radding, Marvin"]
[Result "1-0"]
[WhiteElo "1318"]
[BlackElo "1245"]
[PlyCount "59"]
[EventDate "2009.??.??"]
[EventType "tourn (corr)"]
[EventRounds "4"]
[SourceTitle "Telechess CBM 149"]
[Source "ChessBase"]
[SourceDate "2012.07.17"]
[SourceVersion "1"]
[SourceVersionDate "2012.07.17"]
[SourceQuality "1"]
[WhiteTeam "France"]
[BlackTeam "US of America"]
[WhiteTeamCountry "FRA"]
[BlackTeamCountry "USA"]

1. e4 c5 2. d4 cxd4 3. c3 dxc3 4. Nxc3 Nc6 5. Bf4 e5 6. Bg3 Nf6 7. Bc4 Be7 8. Nf3 d6 9. 0-0 0-0 10. h3 Qc7 11. Rc1 a6 12. Nd5 Qd8 13. Nd2 b5 14. Nxf6+ Bxf6 15. Bd5 Be6 16. Bxc6 Rc8 17. Bd5 Bxd5 18. exd5 Qa5 19. Ne4 Be7 20. Rxc8 Rxc8 21. Qg4 Qd8 22. f4 f6 23. fxe5 fxe5 24. Qe6+ Kh8 25. Bxe5 dxe5 26. d6 Rc6 27. Qxe7 Qb6+ 28. Kh2 Rc8 29. Rf8+ Rxf8 30. Qxf8# 1-0

[Event "IECC Swiss-536.3"]
[Site "IECC email"]
[Date "2009.08.25"]
[Round "?"]
[White "Copin, Jean Christophe"]
[Black "Bladyko, Pawel"]
[Result "0-1"]
[WhiteElo "800"]
[BlackElo "1674"]
[PlyCount "36"]
[EventDate "2009.??.??"]
[EventType "tourn (corr)"]
[EventRounds "1"]
[SourceTitle "Telechess CBM 137"]
[Source "ChessBase"]
[SourceDate "2010.07.15"]
[SourceVersion "1"]
[SourceVersionDate "2010.07.15"]
[SourceQuality "1"]
[BlackTeam "Poland"]
[BlackTeamCountry "POL"]

1. e4 e5 2. Nf3 Nc6 3. Bb5 a6 4. Ba4 Nf6 5. 0-0 Be7 6. Re1 0-0 7. c3 d6 8. d4 Bg4 9. h3 Bxf3 10. Qxf3 b5 11. d5 bxa4 12. dxc6 Qe8 13. Nd2 Qxc6 14. Nf1 Rfb8 15. Ng3 Bf8 16. Bg5 Nd7 17. Bd8 Rxd8 18. Nf5 Rab8 0-1